| 000 | 00417nam a2200145Ia 4500 | ||
|---|---|---|---|
| 008 | 230917s9999||||xx |||||||||||||| ||und|| | ||
| 040 |
_e14231 _aMAIN |
||
| 041 | _aEnglish | ||
| 082 | _a330.1 W433M | ||
| 100 | _aWeintraub, E Roy | ||
| 245 | 0 | _aMicrofoundations: the compatibility of microeconomics and macroeconomics | |
| 260 |
_aCambridge _bCambridge University Press _c1986 |
||
| 300 | _aviii,175 p. | ||
| 942 | _cBK | ||
| 999 |
_c85531 _d85531 |
||